000
003190000a22001450004500
001
000150
003
MACL
040
_a
MACL
090
_c
150
_d
150
100
_a
Agarwal, S.B.D
245
_a
The Great Indians
_c
S.B.D Agarwal
260
_a
New Age International,
_c
1998
650
_a
Social Science
942
_k
324
_c
Book
999
_c
49457
_d
49457